[Event "Pohár města Říčany 2018"]
[Site "Městské kulturní středisko U labutě"]
[Date "2018.08.28"]
[Round "5.6"]
[White "Petr, Jakub"]
[Black "Vetrovsky, Michal"]
[Result "1-0"]
[WhiteElo "2145"]
[BlackElo "2078"]
[PlyCount "0"]
[EventDate "2018.08.25"]

1. b3 {[%clk 01:30:47]} {[%emt 00:00:12]} Nf6 {[%clk 01:29:57]} {[%emt
00:01:03]} 2. Bb2 {[%clk 01:31:06]} {[%emt 00:00:12]} d5 {[%clk 01:29:48]}
{[%emt 00:00:39]} 3. e3 {[%clk 01:31:12]} {[%emt 00:00:24]} Bg4 {[%clk
01:28:48]} {[%emt 00:01:29]} 4. f3 {[%clk 01:27:39]} {[%emt 00:04:04]} Bf5
{[%clk 01:24:56]} {[%emt 00:04:21]} 5. f4 {[%clk 01:25:56]} {[%emt 00:02:14]}
e6 {[%clk 01:23:01]} {[%emt 00:02:25]} 6. Nf3 {[%clk 01:26:04]} {[%emt
00:00:22]} h6 {[%clk 01:22:48]} {[%emt 00:00:43]} 7. Be2 {[%clk 01:25:00]}
{[%emt 00:01:33]} Be7 {[%clk 01:16:27]} {[%emt 00:06:52]} 8. O-O {[%clk
01:24:13]} {[%emt 00:01:17]} Nbd7 {[%clk 01:12:54]} {[%emt 00:04:02]} 9. Kh1
{[%clk 01:17:39]} {[%emt 00:07:04]} c6 {[%clk 01:11:25]} {[%emt 00:01:59]} 10.
d3 {[%clk 00:57:09]} {[%emt 00:21:00]} Ng4 {[%clk 01:05:10]} {[%emt 00:06:44]}
11. Qc1 {[%clk 00:49:49]} {[%emt 00:07:50]} Bf6 {[%clk 00:57:05]} {[%emt
00:08:35]} 12. Nd4 {[%clk 00:48:47]} {[%emt 00:01:33]} Bxd4 {[%clk 00:56:56]}
{[%emt 00:00:40]} 13. Bxd4 {[%clk 00:48:18]} {[%emt 00:00:59]} Qh4 {[%clk
00:55:55]} {[%emt 00:01:29]} 14. Bxg4 {[%clk 00:46:05]} {[%emt 00:02:45]} Bxg4
{[%clk 00:47:10]} {[%emt 00:09:15]} 15. Nd2 {[%clk 00:44:40]} {[%emt 00:01:55]}
f6 {[%clk 00:41:48]} {[%emt 00:05:52]} 16. Qa3 {[%clk 00:25:28]} {[%emt
00:19:42]} e5 {[%clk 00:37:43]} {[%emt 00:04:35]} 17. fxe5 {[%clk 00:23:59]}
{[%emt 00:01:59]} fxe5 {[%clk 00:37:40]} {[%emt 00:00:33]} 18. Bb2 {[%clk
00:24:01]} {[%emt 00:00:28]} Qe7 {[%clk 00:37:26]} {[%emt 00:00:43]} 19. Qxe7+
{[%clk 00:18:36]} {[%emt 00:05:56]} Kxe7 {[%clk 00:37:49]} {[%emt 00:00:06]} 20.
Nf3 {[%clk 00:18:56]} {[%emt 00:00:10]} Bxf3 {[%clk 00:36:40]} {[%emt
00:01:40]} 21. gxf3 {[%clk 00:18:53]} {[%emt 00:00:33]} Rhf8 {[%clk 00:32:59]}
{[%emt 00:04:10]} 22. f4 {[%clk 00:17:15]} {[%emt 00:02:08]} Rf5 {[%clk
00:21:16]} {[%emt 00:12:12]} 23. fxe5 {[%clk 00:13:15]} {[%emt 00:04:31]} Raf8
{[%clk 00:21:27]} {[%emt 00:00:19]} 24. Rg1 {[%clk 00:12:12]} {[%emt 00:01:34]}
g5 {[%clk 00:21:16]} {[%emt 00:00:41]} 25. d4 {[%clk 00:11:57]} {[%emt
00:00:46]} Ke6 {[%clk 00:21:04]} {[%emt 00:00:41]} 26. Ba3 {[%clk 00:08:41]}
{[%emt 00:03:46]} c5 {[%clk 00:19:12]} {[%emt 00:02:22]} 27. c4 {[%clk
00:04:07]} {[%emt 00:05:04]} dxc4 {[%clk 00:12:42]} {[%emt 00:07:01]} 28. bxc4
{[%clk 00:04:32]} {[%emt 00:00:05]} Rf2 {[%clk 00:12:50]} {[%emt 00:00:22]} 29.
Rg2 {[%clk 00:01:03]} {[%emt 00:04:00]} Rf1+ {[%clk 00:04:30]} {[%emt
00:08:49]} 30. Rxf1 {[%clk 00:01:28]} {[%emt 00:00:05]} Rxf1+ {[%clk 00:04:56]}
{[%emt 00:00:04]} 31. Rg1 {[%clk 00:01:53]} {[%emt 00:00:05]} Rf2 {[%clk
00:05:11]} {[%emt 00:00:14]} 32. Rb1 {[%clk 00:02:01]} {[%emt 00:00:23]} Rxa2
{[%clk 00:02:28]} {[%emt 00:03:13]} 33. Bb2 {[%clk 00:02:11]} {[%emt 00:00:20]}
Nb6 {[%clk 00:01:29]} {[%emt 00:01:29]} 34. d5+ {[%clk 00:02:28]} {[%emt
00:00:14]} Ke7 {[%clk 00:01:14]} {[%emt 00:00:43]} 35. e6 {[%clk 00:02:41]}
{[%emt 00:00:18]} Nxc4 {[%clk 00:01:33]} {[%emt 00:00:11]} 36. Bg7 {[%clk
00:02:57]} {[%emt 00:00:13]} Nxe3 {[%clk 00:00:59]} {[%emt 00:01:05]} 37. Rxb7+
{[%clk 00:03:10]} {[%emt 00:00:17]} Ke8 {[%clk 00:00:46]} {[%emt 00:00:43]} 38.
d6 {[%clk 00:03:33]} {[%emt 00:00:07]} 1-0

[Event "Pohár města Říčany 2018"]
[Site "Městské kulturní středisko U labutě"]
[Date "2018.08.28"]
[Round "5.7"]
[White "Skalicky, Tomas"]
[Black "Svetly, Jiri"]
[Result "1/2-1/2"]
[WhiteElo "2125"]
[BlackElo "1943"]
[PlyCount "0"]
[EventDate "2018.08.25"]

1. d4 {[%clk 01:30:57]} {[%emt 00:00:02]} Nf6 {[%clk 01:30:51]} {[%emt
00:00:09]} 2. c4 {[%clk 01:31:20]} {[%emt 00:00:08]} g6 {[%clk 01:31:13]}
{[%emt 00:00:08]} 3. Nf3 {[%clk 01:31:38]} {[%emt 00:00:12]} Bg7 {[%clk
01:31:07]} {[%emt 00:00:36]} 4. g3 {[%clk 01:32:00]} {[%emt 00:00:08]} d6
{[%clk 01:27:57]} {[%emt 00:03:40]} 5. Bg2 {[%clk 01:32:23]} {[%emt 00:00:07]}
O-O {[%clk 01:28:19]} {[%emt 00:00:07]} 6. O-O {[%clk 01:32:47]} {[%emt
00:00:06]} Ne4 {[%clk 01:22:31]} {[%emt 00:06:18]} 7. Nbd2 {[%clk 01:21:56]}
{[%emt 00:11:20]} Nf6 {[%clk 01:21:24]} {[%emt 00:01:37]} 8. e4 {[%clk
01:21:03]} {[%emt 00:01:23]} Nbd7 {[%clk 01:21:40]} {[%emt 00:00:14]} 9. Qc2
{[%clk 01:12:28]} {[%emt 00:09:05]} a5 {[%clk 01:16:35]} {[%emt 00:05:35]} 10.
b3 {[%clk 01:09:11]} {[%emt 00:03:47]} c5 {[%clk 01:12:23]} {[%emt 00:04:42]}
11. Bb2 {[%clk 01:08:44]} {[%emt 00:00:56]} cxd4 {[%clk 01:11:01]} {[%emt
00:01:53]} 12. Nxd4 {[%clk 01:08:20]} {[%emt 00:00:53]} Ne5 {[%clk 01:08:18]}
{[%emt 00:03:13]} 13. a4 {[%clk 01:04:33]} {[%emt 00:04:17]} Nfd7 {[%clk
01:04:43]} {[%emt 00:04:05]} 14. h3 {[%clk 00:52:13]} {[%emt 00:12:50]} Qb6
{[%clk 00:58:11]} {[%emt 00:07:02]} 15. Nb5 {[%clk 00:50:59]} {[%emt 00:01:44]}
Nc5 {[%clk 00:56:50]} {[%emt 00:01:51]} 16. Kh2 {[%clk 00:50:17]} {[%emt
00:01:12]} f6 {[%clk 00:50:19]} {[%emt 00:07:02]} 17. Rad1 {[%clk 00:46:50]}
{[%emt 00:03:56]} Bd7 {[%clk 00:49:09]} {[%emt 00:01:40]} 18. Nb1 {[%clk
00:39:25]} {[%emt 00:07:55]} Bxb5 {[%clk 00:38:09]} {[%emt 00:11:29]} 19. axb5
{[%clk 00:39:37]} {[%emt 00:00:19]} a4 {[%clk 00:31:32]} {[%emt 00:07:07]} 20.
b4 {[%clk 00:39:09]} {[%emt 00:00:57]} Nb3 {[%clk 00:30:19]} {[%emt 00:01:43]}
21. Na3 {[%clk 00:38:34]} {[%emt 00:01:05]} Rac8 {[%clk 00:29:13]} {[%emt
00:01:36]} 22. f4 {[%clk 00:34:43]} {[%emt 00:04:21]} Nxc4 {[%clk 00:28:17]}
{[%emt 00:01:26]} 23. Bd4 {[%clk 00:32:49]} {[%emt 00:02:25]} Nxa3 {[%clk
00:19:48]} {[%emt 00:08:59]} 24. Qxc8 {[%clk 00:32:52]} {[%emt 00:00:27]} Nxd4
{[%clk 00:20:03]} {[%emt 00:00:15]} 25. Qc1 {[%clk 00:31:30]} {[%emt 00:01:52]}
Nac2 {[%clk 00:18:28]} {[%emt 00:02:05]} 26. Rf2 {[%clk 00:31:24]} {[%emt
00:00:35]} Rc8 {[%clk 00:17:19]} {[%emt 00:01:40]} 27. Rxd4 {[%clk 00:30:12]}
{[%emt 00:01:42]} Qxd4 {[%clk 00:17:11]} {[%emt 00:00:38]} 28. Rxc2 {[%clk
00:30:36]} {[%emt 00:00:06]} Rxc2 {[%clk 00:16:16]} {[%emt 00:01:26]} 29. Qxc2
{[%clk 00:31:00]} {[%emt 00:00:05]} Qxb4 {[%clk 00:15:54]} {[%emt 00:00:53]} 30.
e5 {[%clk 00:27:44]} {[%emt 00:03:45]} Qd4 {[%clk 00:14:10]} {[%emt 00:02:13]}
31. Qc8+ {[%clk 00:26:03]} {[%emt 00:02:12]} Bf8 {[%clk 00:14:14]} {[%emt
00:00:26]} 32. Qe6+ {[%clk 00:11:14]} {[%emt 00:15:19]} Kg7 {[%clk 00:14:24]}
{[%emt 00:00:20]} 33. Bd5 {[%clk 00:11:03]} {[%emt 00:00:41]} Qf2+ {[%clk
00:12:24]} {[%emt 00:02:30]} 34. Kh1 {[%clk 00:11:27]} {[%emt 00:00:06]} Qf1+
{[%clk 00:12:31]} {[%emt 00:00:24]} 1/2-1/2

[Event "Pohár města Říčany 2018"]
[Site "Městské kulturní středisko U labutě"]
[Date "2018.08.28"]
[Round "5.8"]
[White "Polansky, Adam Lubos"]
[Black "Hollan, Petr"]
[Result "0-1"]
[WhiteElo "1990"]
[BlackElo "2179"]
[PlyCount "0"]
[EventDate "2018.08.25"]

1. d4 {[%clk 01:30:56]} {[%emt 00:00:02]} Nf6 {[%clk 01:30:55]} {[%emt
00:00:05]} 2. c4 {[%clk 01:31:21]} {[%emt 00:00:05]} e6 {[%clk 01:31:20]}
{[%emt 00:00:05]} 3. g3 {[%clk 01:31:46]} {[%emt 00:00:06]} Bb4+ {[%clk
01:26:04]} {[%emt 00:05:46]} 4. Bd2 {[%clk 01:32:09]} {[%emt 00:00:06]} a5
{[%clk 01:25:58]} {[%emt 00:00:36]} 5. Bg2 {[%clk 01:32:33]} {[%emt 00:00:06]}
O-O {[%clk 01:26:23]} {[%emt 00:00:05]} 6. Nf3 {[%clk 01:32:30]} {[%emt
00:00:33]} b6 {[%clk 01:26:41]} {[%emt 00:00:12]} 7. Ne5 {[%clk 01:28:08]}
{[%emt 00:04:52]} Ra7 {[%clk 01:26:10]} {[%emt 00:01:00]} 8. O-O {[%clk
01:27:45]} {[%emt 00:00:53]} Ba6 {[%clk 01:26:36]} {[%emt 00:00:05]} 9. Qc2
{[%clk 01:25:24]} {[%emt 00:02:51]} d5 {[%clk 01:26:31]} {[%emt 00:00:35]} 10.
Bg5 {[%clk 01:22:36]} {[%emt 00:03:18]} dxc4 {[%clk 01:00:03]} {[%emt
00:26:59]} 11. Rd1 {[%clk 01:21:19]} {[%emt 00:01:46]} h6 {[%clk 00:59:42]}
{[%emt 00:00:51]} 12. Bxf6 {[%clk 01:20:54]} {[%emt 00:00:55]} Qxf6 {[%clk
01:00:11]} {[%emt 00:00:01]} 13. Nxc4 {[%clk 01:20:31]} {[%emt 00:00:53]} Rd8
{[%clk 00:59:20]} {[%emt 00:01:20]} 14. e3 {[%clk 01:06:31]} {[%emt 00:14:30]}
Nd7 {[%clk 00:54:39]} {[%emt 00:05:11]} 15. Nbd2 {[%clk 01:04:51]} {[%emt
00:02:11]} Bf8 {[%clk 00:39:46]} {[%emt 00:15:22]} 16. Nf3 {[%clk 00:49:32]}
{[%emt 00:15:49]} c5 {[%clk 00:39:23]} {[%emt 00:00:53]} 17. Nfe5 {[%clk
00:49:13]} {[%emt 00:00:49]} cxd4 {[%clk 00:26:52]} {[%emt 00:13:01]} 18. Nc6
{[%clk 00:47:46]} {[%emt 00:01:57]} Rc7 {[%clk 00:27:17]} {[%emt 00:00:05]} 19.
Rxd4 {[%clk 00:46:17]} {[%emt 00:01:59]} e5 {[%clk 00:25:52]} {[%emt 00:01:56]}
20. Rxd7 {[%clk 00:43:33]} {[%emt 00:03:15]} Rdxd7 {[%clk 00:25:48]} {[%emt
00:00:33]} 21. N4xe5 {[%clk 00:43:55]} {[%emt 00:00:08]} Rd6 {[%clk 00:24:08]}
{[%emt 00:02:10]} 22. Rc1 {[%clk 00:41:45]} {[%emt 00:02:40]} Qxe5 {[%clk
00:23:51]} {[%emt 00:00:47]} 0-1

[Event "Pohár města Říčany 2018"]
[Site "Městské kulturní středisko U labutě"]
[Date "2018.08.28"]
[Round "5.9"]
[White "Vlkova, Anezka"]
[Black "Rut, Vojtech"]
[Result "0-1"]
[WhiteElo "1901"]
[BlackElo "2123"]
[PlyCount "0"]
[EventDate "2018.08.25"]

1. e4 c6 2. d4 d5 3. f3 e6 4. Nc3 Qb6 5. Nh3 Nf6 6. Nf2 Be7 7. Be2 O-O 8. O-O
Nbd7 9. Rb1 dxe4 10. fxe4 e5 11. Be3 exd4 12. Bxd4 Qc7 13. Nd3 Bd6 14. h3 Ne5
15. Rxf6 gxf6 16. Nf4 Nf3+ 17. Bxf3 Bxf4 18. Bxf6 Be3+ 19. Kh1 Qg3 20. Ne2 Qg6
21. Qd6 Be6 22. Be7 Bxa2 23. Qa3 Bxb1 24. Qxe3 Rfe8 25. Qc5 b6 26. Qe5 Rad8
27. Nf4 Qg7 28. Qc7 Rc8 29. Qd6 Qg3 30. Qf6 Rxe7 31. Nh5 Re6 32. Qf5 Qg6 0-1

[Event "Pohár města Říčany 2018"]
[Site "Městské kulturní středisko U labutě"]
[Date "2018.08.28"]
[Round "5.10"]
[White "Vorisek, Jakub"]
[Black "Vavrinec, Tomas"]
[Result "1/2-1/2"]
[WhiteElo "2069"]
[BlackElo "1986"]
[PlyCount "0"]
[EventDate "2018.08.25"]

1. e4 e6 2. d4 d5 3. Nd2 b6 4. Bd3 Ba6 5. Ndf3 Bxd3 6. Qxd3 Nf6 7. e5 Ne4
8. Ne2 c5 9. c3 Nc6 10. Ng3 Nxg3 11. fxg3 cxd4 12. cxd4 Nb4 13. Qb5+ Qd7
14. Qxd7+ Kxd7 15. O-O Be7 16. Bd2 Nc6 17. Rac1 Rac8 18. Rc2 Rc7 19. Rfc1 Rhc8
20. Kf2 Nd8 21. Rxc7+ Rxc7 22. Rxc7+ Kxc7 23. g4 Nc6 24. h4 Kd7 25. Ke3 f6
26. exf6 gxf6 27. g5 fxg5 28. hxg5 Bf8 29. Kd3 Bg7 30. Bf4 Ke7 31. a3 Kf7
32. Bd6 a6 33. g4 b5 34. Bc7 Kg6 35. b3 Kf7 36. Bd6 Ke8 37. Bh2 Kd7 38. Bg3 Na5
39. Kc3 Nc6 40. Kd3 a5 41. a4 Nb4+ 42. Kc3 bxa4 43. Be5 Bf8 44. bxa4 Nc6 45. Bf6
Ke8 46. Ne5 Nxe5 47. Bxe5 Kf7 48. Bc7 Bb4+ 49. Kd3 Kg6 50. Bd8 Be1 51. Ke2
1/2-1/2

[Event "Pohár města Říčany 2018"]
[Site "Městské kulturní středisko U labutě"]
[Date "2018.08.28"]
[Round "5.11"]
[White "Blumel, Otto"]
[Black "Skala, Jaromir"]
[Result "1-0"]
[WhiteElo "2019"]
[BlackElo "1920"]
[PlyCount "0"]
[EventDate "2018.08.25"]

1. d4 d6 2. e4 g6 3. g3 Bg7 4. h3 Nd7 5. Nf3 e5 6. dxe5 dxe5 7. Bc4 Ngf6 8. Nc3
O-O 9. Bg5 c6 10. a4 Qc7 11. a5 Nc5 12. Qe2 Be6 13. b4 Bxc4 14. Qxc4 Ne6 15. Be3
Rfd8 16. O-O Nd4 17. Ne1 Qd7 18. Kg2 Ne8 19. Qa2 Kh8 20. Nd3 f5 21. Bg5 fxe4
22. Nxe4 Qf5 23. Rae1 Nf3 24. g4 Nxe1+ 25. Rxe1 Qd7 26. Bxd8 Rxd8 27. Ng5 Nd6
28. Nxe5 Bxe5 29. Rxe5 Re8 30. Qa1 Kg8 31. Qd4 Rxe5 32. Qxe5 Qd8 33. h4 h6
34. Nf3 Qd7 35. Nh2 Nf7 36. Qe4 Qd6 37. Nf3 Qf6 38. Nd4 Kf8 39. Ne6+ Kg8 40. Nc5
Kg7 41. Kg3 Qc3+ 42. f3 Ne5 43. Ne6+ Kf6 44. Nd4 c5 45. g5+ hxg5 46. hxg5+ Kf7
47. bxc5 Nc4 48. Qxb7+ Kg8 49. Qb8+ Kh7 50. Qxa7+ Kg8 51. Qb8+ Kh7 52. Qc7+ Kg8
53. Qd8+ Kh7 54. Qe7+ Kg8 55. Qe6+ Kg7 56. Qf6+ Kh7 57. Qe7+ Kg8 58. Qe4 Kh7
59. Ne6 Nxa5 60. Nf4 Qa1 61. Qxg6+ Kh8 62. Qf6+ 1-0

[Event "Pohár města Říčany 2018"]
[Site "Městské kulturní středisko U labutě"]
[Date "2018.08.28"]
[Round "5.12"]
[White "Cermak, Jan"]
[Black "Vanka, Miloslav"]
[Result "0-1"]
[WhiteElo "1878"]
[BlackElo "2140"]
[PlyCount "0"]
[EventDate "2018.08.25"]

1. f4 Nf6 2. Nf3 g6 3. e3 Bg7 4. Be2 O-O 5. O-O d6 6. d4 c6 7. Nbd2 Nbd7 8. c4
e5 9. Bd3 Qe7 10. fxe5 dxe5 11. Qc2 Re8 12. dxe5 Ng4 13. Re1 Ndxe5 14. h3 Nxd3
15. Qxd3 Bf5 16. e4 Qc5+ 0-1

[Event "Pohár města Říčany 2018"]
[Site "Městské kulturní středisko U labutě"]
[Date "2018.08.28"]
[Round "5.13"]
[White "Hadrava, Jaroslav"]
[Black "Pycha, Patrik"]
[Result "0-1"]
[WhiteElo "1913"]
[BlackElo "2049"]
[PlyCount "0"]
[EventDate "2018.08.25"]

1. e4 e6 2. d4 d5 3. Nc3 Bb4 4. e5 c5 5. a3 Bxc3+ 6. bxc3 Ne7 7. Nf3 b6 8. Bb5+
Bd7 9. Bd3 Ba4 10. O-O c4 11. Be2 h6 12. h4 Nbc6 13. g3 Kd7 14. Kg2 Qg8 15. Be3
Qh7 16. Rc1 Raf8 17. Nh2 Rhg8 18. Qd2 Kc7 19. Kh3 Kb7 20. Kg2 Nf5 21. Kh3 Ka8
22. Bd1 Kb7 23. Bf3 Ka6 24. Bd1 Kb7 25. Be2 a6 26. Bd1 Na7 27. Rb1 a5 28. Rb2
Nb5 29. Bf3 Ka6 30. Rfb1 Rb8 31. Bd1 h5 32. Bg5 Na7 33. Qe2 Rh8 34. Nf1 b5
35. Ne3 Nxe3 36. Qxe3 Nc6 37. Qf3 Rbf8 38. Rc1 Qg6 39. Qe3 Qf5+ 40. Kh2 f6
41. exf6 gxf6 42. Bf4 Re8 43. Qf3 Ne7 44. Bd6 Qxf3 45. Bxf3 Nf5 46. Bc5 Kb7
47. Re1 Kc6 48. Re2 e5 49. Rb1 e4 50. Bg2 Ng7 51. Rbe1 Ne6 52. f3 Nxc5 53. dxc5
f5 54. Bh3 Rhf8 55. g4 hxg4 56. fxg4 fxg4 57. Bxg4 Kxc5 58. Kh3 b4 59. axb4+
axb4 60. cxb4+ Kxb4 61. h5 Re7 62. Rd1 Kc5 63. Ra1 Bd7 64. Ra5+ Kd6 65. Ra6+ Ke5
66. c3 Rf3+ 67. Kh4 Bxg4 68. Kxg4 Rg7+ 69. Rg6 Rxg6+ 70. hxg6 Kf6 71. Rd2 Rd3
72. Rf2+ Kxg6 73. Rf8 Rxc3 74. Rd8 Kf6 75. Rxd5 Ke6 76. Rc5 Kd6 77. Rc8 Kd5
78. Rd8+ Ke5 79. Re8+ Kd4 80. Rd8+ Ke3 81. Kf5 Ra3 82. Rd5 Rd3 83. Rc5 c3
84. Ke5 Kd2 85. Kxe4 c2 0-1

[Event "Pohár města Říčany 2018"]
[Site "Městské kulturní středisko U labutě"]
[Date "2018.08.28"]
[Round "5.14"]
[White "Lhotsky, Zdenek"]
[Black "Zizka, Petr"]
[Result "1-0"]
[WhiteElo "1923"]
[BlackElo "2028"]
[PlyCount "0"]
[EventDate "2018.08.25"]

1. e4 Nc6 2. Nf3 d6 3. d4 Bg4 4. Be2 e5 5. Be3 Nf6 6. Nc3 Bxf3 7. Bxf3 exd4
8. Bxd4 Nxd4 9. Qxd4 Be7 10. O-O-O O-O 11. e5 Nd7 12. exd6 Bxd6 13. h4 Ne5
14. Bxb7 Rb8 15. Qxa7 Nc4 16. Rd4 Bf4+ 17. Kb1 Rxb7 18. Rxd8 Rxa7 19. Rd4 Nd2+
20. Ka1 Bh6 21. f4 c5 22. Rxd2 Bxf4 23. Rd5 Be3 24. Nd1 Rfa8 25. a3 Bf4 26. Rxc5
Bd6 27. Rc3 Be5 28. Rd3 Rxa3+ 29. Rxa3 Rxa3+ 30. Kb1 Rg3 31. Re1 f6 32. Ne3 Bf4
33. Nd5 Be5 34. b4 Rxg2 35. b5 Rd2 36. Rxe5 fxe5 37. c4 e4 38. b6 Rf2 39. b7 Rf8
40. c5 1-0

[Event "Pohár města Říčany 2018"]
[Site "Městské kulturní středisko U labutě"]
[Date "2018.08.28"]
[Round "5.15"]
[White "Pavlicek, Petr"]
[Black "Otruba, Marek"]
[Result "0-1"]
[WhiteElo "1891"]
[BlackElo "2005"]
[PlyCount "0"]
[EventDate "2018.08.25"]

1. d4 Nf6 2. c4 g6 3. g3 Bg7 4. Bg2 d5 5. Nf3 O-O 6. O-O dxc4 7. Ne5 c5 8. dxc5
Qc7 9. Nxc4 Qxc5 10. Qc2 Nc6 11. Ne3 Qh5 12. Nc3 Bh3 13. Bf3 Nd4 14. Bxh5 Nxc2
15. Nxc2 Bxf1 16. Bf3 Bh3 17. Bxb7 Rab8 18. Bf3 Rfd8 19. Ne3 h5 20. Ned1 Ng4
21. e3 Ne5 22. Be2 Nd3 23. Bxd3 Rxd3 24. f3 Be6 25. Kf2 Rbd8 26. Ke1 a5 27. Ke2
Bc4 28. Ke1 a4 29. Rb1 Bxa2 0-1

[Event "Pohár města Říčany 2018"]
[Site "Městské kulturní středisko U labutě"]
[Date "2018.08.28"]
[Round "5.16"]
[White "Lhotsky, Frantisek"]
[Black "Stanek, Ondrej"]
[Result "1/2-1/2"]
[WhiteElo "1737"]
[BlackElo "1966"]
[PlyCount "0"]
[EventDate "2018.08.25"]

1. d4 Nf6 2. c4 g6 3. Nf3 Bg7 4. e3 O-O 5. Be2 b6 6. O-O Bb7 7. Nbd2 c5 8. Qc2
cxd4 9. exd4 d5 10. b3 Nc6 11. Bb2 Rc8 12. Rac1 Qc7 13. Rfd1 e6 14. Nf1 Rfd8
15. Ne3 a5 16. c5 Nb4 17. Qb1 Ba6 18. Bxa6 Nxa6 19. Ba3 b5 20. Qd3 Qb7 21. Bb2
Nb4 22. Qe2 Nc6 23. a3 h5 24. Nc2 Ne4 25. Nce1 Rb8 26. Nd3 Qe7 27. Nfe5 Rdc8
28. Nxc6 Rxc6 29. f3 Ng5 30. Re1 Nh7 31. b4 a4 32. Rc2 Nf8 33. Qf2 Nd7 34. Rce2
Bh6 35. Bc1 Bxc1 36. Rxc1 Rb7 37. Rce1 Qf6 38. Ne5 Nxe5 39. Rxe5 Qf4 40. g3 Qf6
41. Kg2 Kg7 42. h3 Rb8 43. Rh1 Rcc8 44. Rc1 1/2-1/2

[Event "Pohár města Říčany 2018"]
[Site "Městské kulturní středisko U labutě"]
[Date "2018.08.28"]
[Round "5.17"]
[White "Skacel, Jan"]
[Black "Simak, Roman"]
[Result "1/2-1/2"]
[WhiteElo "1961"]
[BlackElo "1819"]
[PlyCount "0"]
[EventDate "2018.08.25"]

1. e4 c6 2. Nc3 d5 3. Nf3 Nf6 4. e5 Ne4 5. Be2 e6 6. O-O Nxc3 7. dxc3 Be7 8. c4
dxc4 9. Qxd8+ Bxd8 10. Bxc4 Nd7 11. Re1 h6 12. Bd2 Bc7 13. Rad1 b6 14. Bc3 Bb7
15. Bf1 O-O-O 16. Nd2 b5 17. b3 Nb6 18. Bb2 a6 19. Ne4 Rxd1 20. Rxd1 Rd8
21. Rxd8+ Kxd8 22. Bd4 Nd7 23. f4 g6 24. Nc5 Nxc5 25. Bxc5 Ke8 26. g3 Bc8
27. Be2 Kd7 28. Bb4 Bd8 29. c3 Bc7 30. a3 Bd8 31. Bd1 Ke8 32. Bf3 Kd7 33. Bd1
Bc7 34. h3 h5 35. g4 hxg4 36. hxg4 Bd8 37. Bc2 Bh4 1/2-1/2

[Event "Pohár města Říčany 2018"]
[Site "Městské kulturní středisko U labutě"]
[Date "2018.08.28"]
[Round "5.18"]
[White "Elias, Jakub"]
[Black "Salac, Jiri"]
[Result "1/2-1/2"]
[WhiteElo "1794"]
[BlackElo "1958"]
[PlyCount "0"]
[EventDate "2018.08.25"]

1. e4 b6 2. d4 Bb7 3. Nc3 e6 4. Nf3 Nf6 5. Bd3 Bb4 6. Qe2 d5 7. e5 Ne4 8. Bd2
Nxd2 9. Qxd2 Ba6 10. Bxa6 Nxa6 11. a3 Be7 12. Ne2 c5 13. c3 Qd7 14. O-O O-O
15. Ne1 f6 16. f4 fxe5 17. fxe5 Rxf1+ 18. Kxf1 Rf8+ 19. Kg1 Nb8 20. Nf3 Nc6
21. b4 Qe8 22. Rf1 Qg6 23. h3 Qe4 24. Ng3 Qf4 25. Qf2 c4 26. Qe1 Qh6 27. Nh1 Qg6
1/2-1/2

[Event "Pohár města Říčany 2018"]
[Site "Městské kulturní středisko U labutě"]
[Date "2018.08.28"]
[Round "5.19"]
[White "Dubnicka, Augustin"]
[Black "Maly, Filip"]
[Result "1/2-1/2"]
[WhiteElo "1718"]
[BlackElo "1954"]
[PlyCount "0"]
[EventDate "2018.08.25"]

1. e4 c5 2. f4 d5 3. exd5 Qxd5 4. Nc3 Qd8 5. Bc4 Nf6 6. Nf3 e6 7. Qe2 Be7
8. O-O O-O 9. Ne5 a6 10. a4 Qc7 11. d3 Nc6 12. Nxc6 bxc6 13. h3 Nd5 14. Be3 Rb8
15. Ne4 f5 16. Ng5 e5 17. Qf2 Kh8 18. Bxc5 h6 19. Nf3 Nxf4 20. Rfe1 Bxc5
21. Qxc5 Be6 22. Qxe5 Qb6+ 23. Kh2 Bxc4 24. Qxf4 Bd5 25. b3 Qf2 26. Qd2 Qc5
27. Re2 Bxf3 28. gxf3 f4 29. Rae1 Qh5 30. Re7 Qxf3 31. Qg2 Qxg2+ 32. Kxg2 Rf6
33. R1e6 Rbf8 34. Kf3 Rf5 35. Re8 Rxe8 36. Rxe8+ Kh7 37. Re4 g5 38. Re7+ Kg6
39. Ra7 h5 40. Rxa6 Rc5 41. c4 Re5 42. Rxc6+ Kf5 43. Kf2 g4 44. hxg4+ hxg4
45. Rc8 g3+ 46. Kf1 Kg4 47. d4 Re3 48. d5 Kf3 49. Rg8 Rxb3 50. Ke1 g2 51. Kd2
Kf2 52. d6 1/2-1/2

[Event "Pohár města Říčany 2018"]
[Site "Městské kulturní středisko U labutě"]
[Date "2018.08.28"]
[Round "5.20"]
[White "Postupa, Pavel"]
[Black "Hejsek, Lukas"]
[Result "0-1"]
[WhiteElo "1944"]
[BlackElo "1704"]
[PlyCount "0"]
[EventDate "2018.08.25"]

1. e4 c5 2. Nf3 g6 3. c3 d5 4. Bb5+ Nc6 5. Qa4 Qd6 6. e5 Qc7 7. d4 cxd4 8. cxd4
Bd7 9. Nc3 e6 10. O-O Nge7 11. Bg5 Bg7 12. Qa3 Qd8 13. Rfe1 a6 14. Bf1 O-O
15. Na4 b5 16. Nc5 b4 17. Qe3 a5 18. Rec1 Be8 19. Nb7 Qb6 20. Nd6 Bd7 21. Bf6
Nc8 22. Nb5 N6e7 23. a4 Nf5 24. Qd3 h5 25. h3 Na7 26. Nc7 Rac8 27. Qa6 Qxa6
28. Bxa6 Rb8 29. Rc5 Nc6 30. Bb5 Bxf6 31. exf6 Nfxd4 32. Rxc6 Nxf3+ 33. gxf3
Bxc6 34. Bxc6 Rbc8 35. Nxd5 exd5 36. Bxd5 Rfe8 37. b3 Rc2 38. Rd1 Ree2 39. Bc4
Red2 40. Re1 Rxf2 41. Re8+ Kh7 42. Rf8 Rg2+ 43. Kf1 Rcf2+ 44. Ke1 Ra2 45. Rxf7+
Kh6 46. Kf1 Rh2 47. Kg1 Rhg2+ 48. Kf1 Rgf2+ 49. Ke1 Rh2 0-1

[Event "Pohár města Říčany 2018"]
[Site "Městské kulturní středisko U labutě"]
[Date "2018.08.28"]
[Round "5.21"]
[White "Kyselka, Daniel"]
[Black "Koubova, Anna Marie"]
[Result "0-1"]
[WhiteElo "1760"]
[BlackElo "2086"]
[PlyCount "0"]
[EventDate "2018.08.25"]

1. Nf3 c5 2. b3 d5 3. Bb2 d4 4. e3 Bg4 5. Bb5+ Nc6 6. Bxc6+ bxc6 7. exd4 cxd4
8. Bxd4 f6 9. Bb2 e5 10. Qe2 Nh6 11. h3 Bf5 12. d3 Bb4+ 13. Nbd2 Qa5 14. a3 Bc3
15. b4 Bxd2+ 16. Nxd2 Qd5 17. Qf3 O-O 18. O-O Rac8 19. Ne4 Bxe4 20. Qxe4 Qxe4
21. dxe4 Rfd8 22. Rfd1 Nf7 23. Rd3 Rxd3 24. cxd3 Rd8 25. Rd1 Nd6 26. f3 Nc4
27. Bc1 a5 28. Kf2 axb4 29. axb4 Nb6 30. Be3 Na4 31. Rd2 Rb8 32. Bc5 Nxc5
33. bxc5 Rb3 34. Rc2 Rxd3 35. Ke2 Ra3 36. Kd2 Kf7 37. Rc3 Ra4 38. Ke3 Ra2 39. g4
Kg6 40. Kd3 Kg5 41. Kc4 Kh4 42. Rb3 Rc2+ 43. Rc3 Rxc3+ 44. Kxc3 Kg3 45. Kb4 Kxf3
46. Ka5 Kxe4 47. Kb6 Kd5 0-1